RF in RFID: passive UHF RFID in practice (Record no. 180061)
[ view plain ]
| 000 -LEADER | |
|---|---|
| fixed length control field | 00502nam a2200181Ia 4500 |
| 005 - DATE AND TIME OF LATEST TRANSACTION | |
| control field | 20250424143136.0 |
| 008 - FIXED-LENGTH DATA ELEMENTS--GENERAL INFORMATION | |
| fixed length control field | 231217s9999 xx 000 0 und d |
| 020 ## - INTERNATIONAL STANDARD BOOK NUMBER | |
| International Standard Book Number | 9780750682091 |
| 082 ## - DEWEY DECIMAL CLASSIFICATION NUMBER | |
| Classification number | 621.384 DOB;1 |
| 100 ## - MAIN ENTRY--PERSONAL NAME | |
| Personal name | Dobkin, Daniel M |
| 245 #0 - TITLE STATEMENT | |
| Title | RF in RFID: passive UHF RFID in practice |
| 260 ## - PUBLICATION, DISTRIBUTION, ETC. (IMPRINT) | |
| Date of publication, distribution, etc. | 2007 |
| Name of publisher, distributor, etc. | Elsevier |
| Place of publication, distribution, etc. | Oxford |
| 300 ## - PHYSICAL DESCRIPTION | |
| Extent | ix+493 |
| 500 ## - GENERAL NOTE | |
| General note | Content page available |
| 650 ## - SUBJECT ADDED ENTRY--TOPICAL TERM | |
| Topical term or geographic name as entry element | RF,RFID:,passive,UHF,RFID |
| 942 ## - ADDED ENTRY ELEMENTS (KOHA) | |
| Koha item type | Books |
| 400 ## - SERIES STATEMENT/ADDED ENTRY--PERSONAL NAME [OBSOLETE, CAN/MARC], [LOCAL, USA] | |
| Personal name | Communications engineering series |
| Date last seen | Total Checkouts | Full call number | Accession number | Old discount | Uniform Resource Identifier | Cost, replacement price | Price effective from | Category | Lost status | Damaged status | Department | Withdrawn status | bill no. | bill date | Permanent Location | Current Location | Shelving location | Entry date | Vendor | Cost, normal purchase price | Grants | Currency symbol | Conversion rate | Discount | Discount type |
|---|---|---|---|---|---|---|---|---|---|---|---|---|---|---|---|---|---|---|---|---|---|---|---|---|---|
| 26/01/2024 | 621.384 DOB;1 | 47662 | 25 | digital/contents/47662.pdf | 1879.33 | 26/01/2024 | Books | Central Library | 364 | 07/02/2009 | Central Library | Central Library | Central Library | 26/12/2007 | Sri Hari pub. | 59.95 | TC | USD | 41.8 | 14.99 | Rupees |
